Alma Adentro / (Registro nro. 24162)

Detalles MARC
000 -LEADER
fixed length control field 00797nam a22002177a 4500
003 - CONTROL NUMBER IDENTIFIER
control field DO-CoUTE
005 - DATE AND TIME OF LATEST TRANSACTION
control field 20260501172017.0
008 - FIXED-LENGTH DATA ELEMENTS--GENERAL INFORMATION
fixed length control field 260501b dr ||||| |||| 00| 0 spa d
020 ## - INTERNATIONAL STANDARD BOOK NUMBER
International Standard Book Number 978-9945-639-39-1
040 ## - CATALOGING SOURCE
Original cataloging agency DO-CoUTE
Language of cataloging spa
Transcribing agency DO-CoUTE
082 ## - DEWEY DECIMAL CLASSIFICATION NUMBER
Classification number RD 861.44 M385a
100 1# - MAIN ENTRY--PERSONAL NAME
Personal name Martínez, Carmen Natalia
Relator term Autor
245 10 - TITLE STATEMENT
Title Alma Adentro /
Statement of responsibility, etc. Carmen Natalia Martínez
260 ## - PUBLICATION, DISTRIBUTION, ETC.
Place of publication, distribution, etc. Santo Domingo, República Dominicana ;
Name of publisher, distributor, etc. Instituto Superior de Formación Docente Salomé Ureña (ISFODOSU),
Date of publication, distribution, etc. 2024
300 ## - PHYSICAL DESCRIPTION
Extent 102 Paginas :
Dimensions 22cm,
504 ## - BIBLIOGRAPHY, ETC. NOTE
Bibliography, etc. note Incluye referencia bibliográfica e índice.<br/>
505 ## - FORMATTED CONTENTS NOTE
Formatted contents note El país de las hadas | La hora azul | La hora gris | Girones de cielo |
650 #4 - SUBJECT ADDED ENTRY--TOPICAL TERM
Topical term or geographic name entry element Poesías
700 1# - ADDED ENTRY--PERSONAL NAME
Personal name Carmen Natalia Martínez
Relator term Autor
942 ## - ADDED ENTRY ELEMENTS (KOHA)
Source of classification or shelving scheme Dewey Decimal Classification
Koha item type Libros
Existencias
Withdrawn status Lost status Source of classification or shelving scheme Damaged status Not for loan Collection code Home library Current library Shelving location Date acquired Inventory number Total Checkouts Full call number Barcode Date last seen Copy number Price effective from Koha item type
    Dewey Decimal Classification     Colección Dominicana Biblioteca UTECO Biblioteca UTECO En Estantería 05/01/2026 023954   RD 861.44 M385a 023954 05/01/2026 Ej.1 05/01/2026 Libros
© 2021 Derechos Reservados UTECO - Teléfono: +1 809-585-2291 - Correo electrónico: biblioteca@uteco.edu.do​  
Código postal 43000 ​​
Dirección: Avenida Universitaria No. 100, 
Cotuí, Provincia Sánchez Ramírez, República Dominicana - RNC: 404-00059-6